00565nam a22001097a 4500008004100000082001600041100000900057110007700066245021700143260008600360300000900446230607b xxu||||| |||| 00| 0 eng d a571.81bFAA d2001 bForum of African and Arab Parliamentarians on Population and Development aReproductive Health Rights and Legislation in Eastern, Southern and Indian Ocean Islands bFinal Report of The Regional Workshop for Parliamentarians, Kampala International Conference Center 27-29 September 1999 aKampalabForum of African and Arab Parliamentarians on Population and Development a64 p